000 00893nas a2200265 4500
001 BR2014000239
003 BR-BrBNA
005 20231205123603.0
007 ta
008 230509b bl.|||p| |||| 00| 00por d
040 _aBR-BrBNA
_bpor
_cBiblioteca Nacional de Agricultura
041 _a(Pt)
072 _aF02; P40; U10
100 1 _aLima Filho, A.F.
100 1 _aCoelho Filho, M.A.
100 1 _aHeinemann, A.B.
245 1 _aDeterminação de épocas de semeadura do feijão caupi no Recôncavo Baiano através do modelo CROPGRO
650 _aVIGNA UNGUICULATA
650 _aMODELO DE SIMULAÇÃO
650 _aVARIAÇÃO SAZONAL
650 _aPRODUTIVIDADE
773 0 _tRevista Brasileira de Engenharia Agrícola e Ambiental (Brazil)
_xISSN 1415-4366
_g(Dec 2013), v. 17(12) p. 1294-1300
_wBR2014000239
909 _a202311
_bLúcia
_c55
_dLúcia Elande
942 _2AGRIS
_n0
_cANA
999 _c234649
_d234649